000 02457cam a2200361 a 4500
999 _c26002
_d26002
001 16922562
005 20170201161136.0
008 110815s2012 moua b 001 0 eng
010 _a 2011034430
020 _a9780323074612 (pbk. : alk. paper)
035 _a(DNLM)101566944
040 _aDNLM/DLC
_cDLC
_dDLC
042 _apcc
050 0 0 _aRT120
_b .U73 2012
060 1 0 _aWY 154
245 0 0 _aPriorities in critical care nursing /
_cLinda D. Urden, Kathleen M. Stacy, Mary E. Lough.
250 _a6th ed.
260 _aSt. Louis, Mo. :
_bElsevier/Mosby,
_cc2012.
300 _a1 v. (various pagings) :
_bill. (chiefly col.) ;
_c28 cm.
504 _aIncludes bibliographical references and index.
505 0 _aCaring for the critically ill patient -- Ethical and legal issues -- Patient and family education -- Psychosocial alterations -- Sleep alterations -- Nutritional alterations -- Gerontological alterations -- Pain and pain management -- Sedation, delirium, and alcohol withdrawal syndrome: assessment and management -- End-of-life care -- Cardiovascular clinical assessment and diagnostic procedures -- Cardiovascular disorders -- Cardiovascular therapeutic management -- Pulmonary clinical assessment and diagnostic procedures -- Pulmonary disorders -- Pulmonary therapeutic management -- Neurological clinical assessment and diagnostic procedures -- Neurological disorders and therapeutic management -- Renal clinical assessment and diagnostic procedures -- Renal disorders and therapeutic management -- Gastrointestinal clinical assessment and diagnostic procedures -- Gastrointestinal disorders and therapeutic management -- Endocrine clinical assessment and diagnostic procedures -- Endocrine disorders and therapeutic management -- Trauma -- Shock, sepsis, and multiple organ dysfunction syndrome -- Hematological disorders and oncological emergencies.
650 1 2 _aCritical Care.
650 1 2 _aNursing Care.
650 2 2 _aCritical Illness
_xnursing.
700 1 _aUrden, Linda Diann.
700 1 _aStacy, Kathleen M.
700 1 _aLough, Mary E.
942 _2lcc
_cBOOKS
_hRT120 .U73 2012